| 000 | 00817nam a2200121Ia 4500 | ||
|---|---|---|---|
| 008 | 220616s9999||||xx |||||||||||||| ||und|| | ||
| 100 | _aBauer, Gero | ||
| 245 | 0 |
_aHouses, Secrets, and the Closet _bLocating Masculinities from the Gothic Novel to Henry James |
|
| 546 | _aEnglish[eng] | ||
| 650 | _aLiterature||Literature||Gender||Queer||Masculinity||Homosexuality||Gothic Novel||Sensation Novel||Henry James||Literary Studies||British Studies||American Studies||Gender Studies||Cultural Studies||Heterosexuality||Homoeroticism||Homosociality||Paranoia||Patriarchy||Percival||Rhetoric | ||
| 856 | _uhttps://library.oapen.org/bitstream/20.500.12657/30568/1/645341.pdf||https://library.oapen.org/bitstream/20.500.12657/30568/1/645341.pdf||https://library.oapen.org/bitstream/20.500.12657/30568/1/645341.pdf | ||
| 942 | _cEB | ||
| 999 |
_c20998 _d20998 |
||